Top 10 Cocoa Producing Countries - Statistics

General Stats
  • This quiz has been taken 19 times
  • The average score is 7 of 10
Answer Stats
Tonnes of Cocoa Answer % Correct
300 K Brazil
94%
350 K Ecuador
83%
50 K Colombia
78%
300 K Nigeria
78%
2.4 M Côte d'Ivoire
67%
700 K Ghana
67%
650 K Indonesia
67%
50 K Dominican Republic
61%
300 K Cameroon
56%
150 K Peru
56%
No matching quizzes found
Score Distribution
Percent of People with Each Score
Percentile by Number Answered
Your Score History
You have not taken this quiz